Nueva ola represiva en El Salvador
Պահպանված է:
| Ձևաչափ: | Տեքստ |
|---|---|
| Խորագրեր: | |
| Ցուցիչներ: |
Ավելացրեք ցուցիչ
Չկան պիտակներ, Եղեք առաջինը, ով նշում է այս գրառումը!
|
MARC
| LEADER | 00000 a a2200000 04500 | ||
|---|---|---|---|
| 001 | 17757 | ||
| 003 | |||
| 040 | |||
| 245 | |a Nueva ola represiva en El Salvador | ||
| 650 | |a VIOLENCIA | ||
| 650 | |a POBLACION RURAL | ||
| 650 | |a MOVIMIENTOS SOCIALES | ||
| 650 | |a EL SALVADOR | ||
| 773 | |g volumen 2, número 15; páginas 113 | ||
| 999 | |c 39866 |d 39866 | ||
| 773 | 0 | |0 42391 |9 3962 |a Agencia Latinoamericana de Información, ALAI |d Quito, Ecuador: ALAI |o 03862 |t ALAI: |x 08275564 (Servicio mensual de información y documentación) | |
